Managing organizational change

Bibliographic Details
Main Author: Carter, Wendy (Author)
Format: Book
Language:English
Published: New York : McGraw-Hill 1994
Subjects:

MARC

LEADER 00000cam a2200000 7i4500
001 0000004331
005 20240912.0
008 240430 nyu eng
020 |a 0070112169 (hbk)) 
040 |a INS   |b eng   |e rda 
090 0 0 |a RHD58.8   |b .C37 1994 
100 1 |a Carter, Wendy ,   |e author 
245 1 0 |a Managing organizational change   |c Wendy Charter 
264 1 |a New York :   |b McGraw-Hill   |c 1994 
264 4 |c ©1994 
300 |a 55 pages ;   |c 30 cm +.   |e slides 
336 |a text  |2 rdacontent 
337 |a unmediated  |2 rdamedia 
338 |a volume  |2 rdacarrier 
650 0 |a Organizational change 
999 |a 0000006212   |b BOOK   |c Red Spot   |e Default branch